Accounting standards : 1994/95
Αποθηκεύτηκε σε:
| Άλλοι συγγραφείς: | |
|---|---|
| Μορφή: | Βιβλίο |
| Γλώσσα: | English |
| Δημοσίευση: |
The institute of chartered accountants,
c1994
|
| Σειρά: | Accountancy books
|
| Θέματα: | |
| Ετικέτες: |
Προσθήκη ετικέτας
Δεν υπάρχουν, Καταχωρήστε ετικέτα πρώτοι!
|
MARC
| LEADER | 00000nam a2200000 i 4500 | ||
|---|---|---|---|
| 001 | 1/20437 | ||
| 008 | 960705s1994 eng d | ||
| 020 | |a 1-85355-514-2 | ||
| 035 | |l 10021548 | ||
| 040 | |a GR-MY-UA |b gre |e aacr | ||
| 041 | 0 | |a eng | |
| 082 | 0 | |a 657.0218 | |
| 245 | 1 | 0 | |a Accounting standards : |b 1994/95 / |c Editor: Richard M. Wilkins |
| 260 | |b The institute of chartered accountants, |c c1994 | ||
| 300 | |a 1158 p. | ||
| 490 | 1 | |a Accountancy books | |
| 650 | 0 | 0 | |a Accounting |x Standards. |
| 700 | 0 | |a Wilkins, Richard. |4 edt | |
| 830 | 0 | |a Accountancy books | |
| 852 | |a INST |b CHIOS |e 19960705 |h 657.0218 ACC |p 005200001595 |q 005200001595 |t BK |y 0 | ||
| 909 | |a Χ |b 042190 | ||